| 000 | 00349cam a22001097a 4500 | ||
|---|---|---|---|
| 008 | 180718b1953 xxu||||| |||| 00| 0 eng d | ||
| 082 | _aA45:Z/MADH/1949-50 | ||
| 100 | _aGovernment of Madhya Pradesh | ||
| 245 | _aReport on the working of the Department of Agriculture, 1949-50 | ||
| 260 |
_aNagpur _bGovernment of Madhya Pradesh _c1953 |
||
| 300 | _a37p. | ||
| 999 |
_c503565 _d503565 |
||